Les derniers matchs européens du PSG depuis 2010 - Statistiques

Statistiques générales
  • Ce quiz a été pris 210 fois
    191 depuis la dernière actualisation
  • Le résultat moyen est 79 sur 111
Statistiques - réponses
Compétitions Date Score Adversaires Pays % Correct
Ligue Des Champions 1/8 de finale 8 Mars 2023 2-0 Bayern Munich Allemagne
99%
Ligue Des Champions 1/8 de finale 14 Février 2023 0-1 Bayern Munich Allemagne
99%
Ligue Des Champions 1/4 de finale 13 Avril 2021 0-1 Bayern Munich Allemagne
99%
Ligue Des Champions 1/4 de finale 7 Avril 2021 2-3 Bayern Munich Allemagne
99%
Ligue Des Champions Finale 23 Aout 2020 0-1 Bayern Munich Allemagne
99%
Ligue Des Champions J6 5 Décembre 2017 3-1 Bayern Munich Allemagne
99%
Ligue Des Champions J2 27 Septembre 2017 3-0 Bayern Munich Allemagne
99%
Ligue Des Champions 1/8 de finale 9 Mars 2022 3-1 Real Madrid Espagne
98%
Ligue Des Champions 1/8 de finale 15 Février 2022 1-0 Real Madrid Espagne
98%
Ligue Des Champions J5 26 Novembre 2019 2-2 Real Madrid Espagne
98%
Ligue Des Champions J1 18 Septembre 2019 3-0 Real Madrid Espagne
98%
Ligue Des Champions 1/8 de finale 6 Mars 2018 1-2 Real Madrid Espagne
98%
Ligue Des Champions 1/8 de finale 14 Février 2018 3-1 Real Madrid Espagne
98%
Ligue Des Champions J4 3 Novembre 2015 1-0 Real Madrid Espagne
98%
Ligue Des Champions J3 21 Octobre 2015 0-0 Real Madrid Espagne
98%
Ligue Des Champions 1/8 de finale 10 Mars 2021 1-1 Barcelone Espagne
96%
Ligue Des Champions 1/8 de finale 16 Février 2021 1-4 Barcelone Espagne
96%
Ligue Des Champions 1/8 de finale 8 Mars 2017 6-1 Barcelone Espagne
96%
Ligue Des Champions 1/8 de finale 14 Février 2017 4-0 Barcelone Espagne
96%
Ligue Des Champions 1/4 de finale 21 Avril 2015 2-0 Barcelone Espagne
96%
Ligue Des Champions 1/4 de finale 15 Avril 2015 1-3 Barcelone Espagne
96%
Ligue Des Champions J6 10 Décembre 2014 3-1 Barcelone Espagne
96%
Ligue Des Champions J2 30 Septembre 2014 3-2 Barcelone Espagne
96%
Ligue Des Champions 1/4 de finale 10 Avril 2013 1-1 Barcelone Espagne
96%
Ligue Des Champions 1/4 de finale 2 Avril 2013 2-2 Barcelone Espagne
96%
Ligue Des Champions J6 2 Novembre 2022 1-2 Juventus Italie
95%
Ligue Des Champions J1 6 Septembre 2022 2-1 Juventus Italie
95%
Ligue Des Champions J5 24 Novembre 2021 2-1 Manchester City Angleterre
95%
Ligue Des Champions J2 28 Septembre 2021 2-0 Manchester City Angleterre
95%
Ligue Des Champions 1/2 finale 4 Mai 2021 2-0 Manchester City Angleterre
95%
Ligue Des Champions 1/2 finale 28 Avril 2021 1-2 Manchester City Angleterre
95%
Ligue Des Champions 1/4 de finale 12 Avril 2016 1-0 Manchester City Angleterre
95%
Ligue Des Champions 1/4 de finale 6 Avril 2016 2-2 Manchester City Angleterre
95%
Ligue Des Champions J5 2 Décembre 2020 1-3 Manchester United Angleterre
92%
Ligue Des Champions J1 20 Octobre 2020 1-2 Manchester United Angleterre
92%
Ligue Des Champions 1/8 de finale 6 Mars 2019 1-3 Manchester United Angleterre
92%
Ligue Des Champions 1/8 de finale 12 Février 2019 0-2 Manchester United Angleterre
92%
Ligue Des Champions J4 11 Octobre 2022 1-1 Benfica Portugal
89%
Ligue Des Champions J3 5 Octobre 2022 1-1 Benfica Portugal
89%
Ligue Des Champions J6 10 Décembre 2013 2-1 Benfica Portugal
89%
Ligue Des Champions J2 2 Octobre 2013 3-0 Benfica Portugal
89%
Ligue Des Champions 1/8 de finale 9 Mars 2016 1-2 Chelsea Angleterre
83%
Ligue Des Champions 1/8 de finale 16 Février 2016 2-1 Chelsea Angleterre
83%
Ligue Des Champions 1/8 de finale 11 Mars 2015 2-2 Chelsea Angleterre
83%
Ligue Des Champions 1/8 de finale 17 Février 2015 1-1 Chelsea Angleterre
83%
Ligue Des Champions 1/4 de finale 8 Avril 2014 2-0 Chelsea Angleterre
83%
Ligue Des Champions 1/4 de finale 2 Avril 2014 3-1 Chelsea Angleterre
83%
Ligue Des Champions J3 19 Octobre 2021 3-2 Leipzig Allemagne
82%
Ligue Des Champions J4 24 Novembre 2020 1-0 Leipzig Allemagne
82%
Ligue Des Champions J3 4 Novembre 2020 2-1 Leipzig Allemagne
82%
Ligue Des Champions 1/2 Finale 18 Aout 2020 0-3 Leipzig Allemagne
82%
Ligue Des Champions J5 28 Novembre 2018 2-1 Liverpool Angleterre
82%
Ligue Des Champions J1 18 Septembre 2018 3-2 Liverpool Angleterre
82%
Ligue Des Champions J4 3 Novembre 2021 1-1 Leipzig Allemagne
81%
Ligue Des Champions 1/8 de finale 11 Mars 2020 2-0 Borussia Dortmund Allemagne
78%
Ligue Des Champions 1/8 de finale 18 Février 2020 2-1 Borussia Dortmund Allemagne
78%
Ligue Des Champions J6 11 Décembre 2019 5-0 Galatasaray Turquie
78%
Ligue Des Champions J2 1 Octobre 2019 0-1 Galatasaray Turquie
78%
Ligue Des Champions J4 6 Novembre 2018 1-1 Naples Italie
75%
Ligue Des Champions J3 24 Octobre 2018 2-2 Naples Italie
75%
Ligue Des Champions J5 23 Novembre 2016 2-2 Arsenal Angleterre
73%
Ligue Des Champions J1 13 Septembre 2016 1-1 Arsenal Angleterre
73%
Ligue Des Champions J5 22 Novembre 2017 7-1 Celtic Ecosse
72%
Ligue Des Champions J1 12 Septembre 2017 0-5 Celtic Ecosse
72%
Ligue Des Champions 1/4 de finale 12 Aout 2020 1-2 Atalanta Italie
71%
Ligue Des Champions J5 25 Octobre 2022 7-2 Maccabi Haifa Israël
71%
Ligue Des Champions J2 14 Septembre 2022 1-3 Maccabi Haifa Israël
71%
Ligue Des Champions J4 31 Octobre 2017 5-0 Anderlecht Belgique
67%
Ligue Des Champions J3 18 Octobre 2017 0-4 Anderlecht Belgique
67%
Ligue Des Champions J4 5 Novembre 2013 1-1 Anderlecht Belgique
67%
Ligue Des Champions J3 23 Octobre 2013 0-5 Anderlecht Belgique
67%
Ligue Des Champions J6 4 Décembre 2012 2-1 Porto Portugal
67%
Ligue Des Champions J2 3 Octobre 2012 1-0 Porto Portugal
67%
Ligue Des Champions J5 25 Novembre 2014 3-1 Ajax Pays-Bas
64%
Ligue Des Champions J1 17 Septembre 2014 1-1 Ajax Pays-Bas
64%
Ligue Des Champions J6 11 Décembre 2018 1-4 Etoile Rouge de Belgrade Serbie
54%
Ligue Des Champions J2 3 Octobre 2018 6-1 Etoile Rouge de Belgrade Serbie
54%
Ligue Des Champions J5 25 Novembre 2015 0-5 Malmö Suède
54%
Ligue Des Champions J1 15 Septembre 2015 2-0 Malmö Suède
54%
Ligue Des Champions 1/8 de finale 6 Mars 2013 1-1 Valence Espagne
53%
Ligue Des Champions 1/8 de finale 12 Février 2013 1-2 Valence Espagne
53%
Ligue Des Champions J5 21 Novembre 2012 0-2 Dynamo Kiev Ukraine
51%
Ligue Des Champions J1 18 Septembre 2012 4-1 Dynamo Kiev Ukraine
51%
Ligue Des Champions J4 1 Novembre 2016 1-2 Bâle Suisse
50%
Ligue Des Champions J3 19 Octobre 2016 3-0 Bâle Suisse
50%
Ligue Des Champions J5 27 Novembre 2013 2-1 Olympiakos Grèce
48%
Ligue Des Champions J1 17 Septembre 2013 1-4 Olympiakos Grèce
48%
Ligue Des Champions J6 7 Décembre 2021 4-1 Club Brugge Belgique
47%
Ligue Des Champions J1 15 Septembre 2021 1-1 Club Brugge Belgique
47%
Ligue Des Champions J4 6 Décembre 2019 1-0 Club Brugge Belgique
47%
Ligue Des Champions J3 22 Octobre 2019 0-5 Club Brugge Belgique
47%
Ligue Des Champions J6 9 Décembre 2020 5-1 Basaksehir Turquie
44%
Ligue Des Champions J2 28 Octobre 2020 0-2 Basaksehir Turquie
44%
Ligue Des Champions 1/8 de finale 12 Mars 2014 2-1 Bayer Leverkusen Allemagne
44%
Ligue Des Champions 1/8 de finale 18 Février 2014 0-4 Bayer Leverkusen Allemagne
44%
Ligue Des Champions J4 5 Novembre 2014 1-0 APOEL Chypre
43%
Ligue Des Champions J3 21 Octobre 2014 0-1 APOEL Chypre
43%
Ligue Des Champions J4 6 Novembre 2012 4-0 Dinamo Zagreb Croatie
36%
Ligue Des Champions J3 24 Octobre 2012 0-2 Dinamo Zagreb Croatie
36%
Europa League J5 1 Décembre 2011 2-0 Salzbourg Autriche
33%
Europa League J1 15 Septembre 2011 3-1 Salzbourg Autriche
33%
Ligue Des Champions J6 6 Décembre 2016 2-2 Ludogorets Bulgarie
31%
Ligue Des Champions J2 28 Septembre 2016 1-3 Ludogorets Bulgarie
31%
Ligue Des Champions J6 8 Décembre 2015 2-0 Shakhtar Ukraine
31%
Ligue Des Champions J2 30 Septembre 2015 0-3 Shakhtar Ukraine
31%
Europa League J6 14 Décembre 2011 4-2 Bilbao Espagne
19%
Europa League J2 29 Septembre 2011 2-0 Bilbao Espagne
19%
Europa League J4 3 Novembre 2011 1-0 Slovan Bratislava Slovaquie
14%
Europa League J3 20 Octobre 2011 0-0 Slovan Bratislava Slovaquie
14%
Qualification Europa League Finale 25 Aout 2011 2-0 Differdange Luxembourg
7%
Qualification Europa League Finale 18 Aout 2011 0-4 Differdange Luxembourg
7%
Aucun quiz correspondant
Distribution des résultats
% des personnes avec chaque résultat
Percentile par nombre de réponses
Votre historique - résultats
Vous n’avez pas pris ce quiz depuis la dernière actualisation